000 00558nam a2200181Ia 4500
008 090124s9999 xx 000 0 und d
082 _b132987
100 _aभुर्के श्याम
245 _a मंत्र श्रीमंतीचा
250 _a1
260 _c2005
300 _a187
600 _aभुर्के श्याम
630 _a मंत्र श्रीमंतीचा
700 _aभुर्के श्याम
730 _a मंत्र श्रीमंतीचा
942 _cBOOK
999 _c179203
_d179203